| 000 | 00713nac a22002051u 4500 | ||
|---|---|---|---|
| 008 | 100914t2000 xxu|||||r|||| 001 0 eng d | ||
| 020 | _a0130161241 | ||
| 020 | _a9780130161246 | ||
| 082 |
_a629.83 _bPHI _222 |
||
| 100 |
_aPhillips, Charles L. _919098 |
||
| 245 |
_aFeedback Control Systems / _cCharles L. Phillips, Royce D. Harbor. |
||
| 250 | _a4th ed. | ||
| 260 |
_aUpper Saddle River, N.J. : _bPrentice-Hall, _cc2000. |
||
| 300 |
_axiii, 658 p. : _bill. ; _c24cm. |
||
| 490 | 0 |
_aPrentice Hall international editions _919099 |
|
| 504 | _aIncludes bibliographical references and index. | ||
| 650 |
_aFeedback control systems. _919100 |
||
| 700 |
_aHarbor, Royce D. _919101 |
||
| 942 |
_cBB _k629.83PHI _2ddc |
||
| 999 |
_c999 _d999 |
||